000 00557nam a2200217Ia 4500
003 OSt
005 20221005125054.0
006 a|||||r|||| 00| 0
007 ta
008 221004b |||||||| |||| 00| 0 tam d
024 _a50368
037 _cTextual
040 _aCRL
_cCRL
_btam
041 _2tam
_atam
082 _aO31,3NJE,24, K5
100 _aJegachirpiyan
245 0 _aOru nalum muppathu oarudangalum
650 _aTAMIL LITERATURE
942 _hO31,3NJE,24, K5
_cTEXL
_2cc
999 _c1052621
_d1052621